Učitavanje...
പതനം/
| Glavni autor: | |
|---|---|
| Daljnji autori: | |
| Format: | Printed Book |
| Izdano: |
Thiruvananthapuram
Chintha Publishers
2010
|
| Teme: |
| LEADER | 00493cam a2200157ua 4500 | ||
|---|---|---|---|
| 082 | |a 843.914 |b CAM-P | ||
| 100 | |a കാമു, ആൽബേർ. | ||
| 245 | |a പതനം/ | ||
| 260 | |a Thiruvananthapuram |b Chintha Publishers |c 2010 | ||
| 300 | |a 88p. | ||
| 650 | |a French fiction | ||
| 650 | |a Pathanam | ||
| 700 | |a Camus, Albert | ||
| 942 | |c BK | ||
| 999 | |c 44316 |d 44316 | ||
| 952 | |0 0 |1 0 |4 0 |6 843_914000000000000_CAMP |7 0 |9 56277 |a KU |b KU |d 2015-07-05 |g 60.00 |l 1 |o 843.914 CAM-P |p CL00479 |r 2017-10-19 |s 2017-09-25 |y BK | ||